[Event "Stay Safe Play From Home 420"]
[Site "Emanuel Lasker Arena"]
[Date "2020.08.30"]
[Round "5"]
[White "Didi1"]
[Black "Ao017545"]
[Result "1-0"]
[WhiteElo "1433"]
[BlackElo "1689"]
[Annotator "NA"]
[PlyCount "23"]
[EventDate "2020.08.30"]
[EventType "swiss (blitz)"]

1. e4 {[%emt 0:00:01]} e5 {[%emt 0:00:01]} 2. Nf3 {[%emt 0:00:01]} Nf6 {[%emt 0:00:00]} 3. d4 {[%emt 0:00:02]} exd4 {[%emt 0:00:03]} 4. Bc4 {[%emt 0:00:01]} Nxe4 {[%emt 0:00:01]} 5. O-O {[%emt 0:00:01]} Bc5 {[%emt 0:00:01]} 6. Re1 {[%emt 0:00:01]} d5 {[%emt 0:00:01]} 7. Nxd4 {[%emt 0:00:02]} dxc4 {[%emt 0:00:04]} 8. Rxe4+ {[%emt 0:00:05]} Kf8 {[%emt 0:00:01]} 9. Ne6+ {[%emt 0:00:03]} Ke7 {[%emt 0:00:15]} 10. Nxd8+ {[%emt 0:00:03]} Kf8 {[%emt 0:00:07]} 11. Qf3 {[%emt 0:00:07]} Nc6 {[%emt 0:00:05]} 12. Qxf7# {[%emt 0:00:03] Mate Mate Mate} 1-0

[Event "Stay Safe Play From Home 420"]
[Site "Emanuel Lasker Arena"]
[Date "2020.08.30"]
[Round "5"]
[White "M0ises"]
[Black "W Nelles"]
[Result "0-1"]
[WhiteElo "1220"]
[BlackElo "1270"]
[Annotator "NA"]
[PlyCount "62"]
[EventDate "2020.08.30"]
[EventType "swiss (blitz)"]

1. e4 {[%emt 0:00:01]} e5 {[%emt 0:00:05]} 2. Nf3 {[%emt 0:00:00]} Nc6 {[%emt 0:00:03]} 3. d4 {[%emt 0:00:00]} exd4 {[%emt 0:00:02]} 4. Nxd4 {[%emt 0:00:01]} Bc5 {[%emt 0:00:01]} 5. Be3 {[%emt 0:00:02]} Nxd4 {[%emt 0:00:02]} 6. Bxd4 {[%emt 0:00:01]} Bxd4 {[%emt 0:00:02]} 7. Qxd4 {[%emt 0:00:01]} Qf6 {[%emt 0:00:02]} 8. Qxf6 {[%emt 0:00:03]} Nxf6 {[%emt 0:00:02]} 9. f3 {[%emt 0:00:03]} O-O {[%emt 0:00:02]} 10. Bc4 {[%emt 0:00:01]} c6 {[%emt 0:00:01]} 11. O-O {[%emt 0:00:00]} b5 {[%emt 0:00:01]} 12. e5 {[%emt 0:00:01]} Ne8 {[%emt 0:00:02]} 13. Bd3 {[%emt 0:00:02]} Nc7 {[%emt 0:00:01]} 14. Nd2 {[%emt 0:00:01]} Nd5 {[%emt 0:00:01]} 15. Rae1 {[%emt 0:00:01]} Nf4 {[%emt 0:00:02]} 16. g3 {[%emt 0:00:03]} Nxd3 {[%emt 0:00:01]} 17. cxd3 {[%emt 0:00:01]} c5 {[%emt 0:00:01]} 18. f4 {[%emt 0:00:01]} Bb7 {[%emt 0:00:01]} 19. g4 {[%emt 0:00:02]} a5 {[%emt 0:00:02]} 20. Nf3 {[%emt 0:00:01]} Bxf3 {[%emt 0:00:02]} 21. Rxf3 {[%emt 0:00:01]} c4 {[%emt 0:00:01]} 22. dxc4 {[%emt 0:00:03]} bxc4 {[%emt 0:00:01]} 23. Rh3 {[%emt 0:00:01]} Rac8 {[%emt 0:00:02]} 24. Rf1 {[%emt 0:00:00]} Rc5 {[%emt 0:00:01]} 25. Rff3 {[%emt 0:00:01]} Rb8 {[%emt 0:00:02]} 26. Rh4 {[%emt 0:00:01]} Rxb2 {[%emt 0:00:04]} 27. Rfh3 {[%emt 0:00:02]} h6 {[%emt 0:00:01]} 28. g5 {[%emt 0:00:01]} c3 {[%emt 0:00:04]} 29. gxh6 {[%emt 0:00:01]} c2 {[%emt 0:00:01]} 30. h7+ {[%emt 0:00:02]} Kh8 {[%emt 0:00:02]} 31. f5 {[%emt 0:00:01]} c1=Q# {[%emt 0:00:01] (Lag: Av=0.56s, max=0.8s) (Lag: Av=0.56s, max=0.8s) (Lag: Av=0.56s, max=0.8s)} 0-1

[Event "Stay Safe Play From Home 420"]
[Site "Emanuel Lasker Arena"]
[Date "2020.08.30"]
[Round "6"]
[White "Tran Minh Thang"]
[Black "Didi1"]
[Result "1-0"]
[WhiteElo "2529"]
[BlackElo "1461"]
[PlyCount "67"]
[EventDate "2020.08.30"]
[EventType "swiss (blitz)"]

1. Nf3 {[%emt 0:00:01]} e6 {[%emt 0:00:01]} 2. b3 {[%emt 0:00:00]} d5 {[%emt 0:00:00]} 3. Bb2 {[%emt 0:00:00]} Nf6 {[%emt 0:00:00]} 4. e3 {[%emt 0:00:00]} Be7 {[%emt 0:00:00]} 5. c4 {[%emt 0:00:00]} O-O {[%emt 0:00:00]} 6. Qc2 {[%emt 0:00:00]} c6 {[%emt 0:00:01]} 7. Ng5 {[%emt 0:00:00]} Nbd7 {[%emt 0:00:01]} 8. h4 {[%emt 0:00:01]} e5 {[%emt 0:00:01]} 9. Nc3 {[%emt 0:00:02]} d4 {[%emt 0:00:01]} 10. Nce4 {[%emt 0:00:01]} dxe3 {[%emt 0:00:02]} 11. dxe3 {[%emt 0:00:01]} Nxe4 {[%emt 0:00:01]} 12. Nxe4 {[%emt 0:00:01]} f5 {[%emt 0:00:01]} 13. Ng5 {[%emt 0:00:01]} Bf6 {[%emt 0:00:03]} 14. Ne6 {[%emt 0:00:01]} Qe7 {[%emt 0:00:02]} 15. Nxf8 {[%emt 0:00:01]} Kxf8 {[%emt 0:00:01]} 16. O-O-O {[%emt 0:00:00]} Nc5 {[%emt 0:00:02]} 17. Be2 {[%emt 0:00:02]} Be6 {[%emt 0:00:01]} 18. Ba3 {[%emt 0:00:01]} a5 {[%emt 0:00:00]} 19. e4 {[%emt 0:00:02]} f4 {[%emt 0:00:02]} 20. f3 {[%emt 0:00:05]} b6 {[%emt 0:00:00]} 21. Qc3 {[%emt 0:00:01]} Qc7 {[%emt 0:00:02]} 22. Kb2 {[%emt 0:00:01]} Rd8 {[%emt 0:00:03]} 23. Rxd8+ {[%emt 0:00:01]} Qxd8 {[%emt 0:00:04]} 24. Rd1 {[%emt 0:00:00]} Qc7 {[%emt 0:00:01]} 25. Qd2 {[%emt 0:00:01]} Bf7 {[%emt 0:00:02]} 26. Qd6+ {[%emt 0:00:02]} Qxd6 {[%emt 0:00:03]} 27. Rxd6 {[%emt 0:00:00]} Be8 {[%emt 0:00:01]} 28. b4 {[%emt 0:00:06]} Be7 {[%emt 0:00:01]} 29. bxc5 {[%emt 0:00:02]} Bxd6 {[%emt 0:00:01]} 30. cxd6 {[%emt 0:00:01]} Bd7 {[%emt 0:00:00]} 31. c5 {[%emt 0:00:01]} b5 {[%emt 0:00:01]} 32. Bxb5 {[%emt 0:00:00]} cxb5 {[%emt 0:00:02]} 33. c6 {[%emt 0:00:00]} Bxc6 {[%emt 0:00:01]} 34. d7+ {[%emt 0:00:00] Didi1 resigns Didi1 resigns Didi1 resigns (Lag: Av=0.73s, max=1.5s) (Lag: Av=0.73s, max=1.5s) (Lag: Av=0.73s, max=1.5s)} 1-0

[Event "Stay Safe Play From Home 420"]
[Site "Emanuel Lasker Arena"]
[Date "2020.08.30"]
[Round "6"]
[White "Tumnik_ad"]
[Black "Ansari11"]
[Result "1-0"]
[WhiteElo "1935"]
[BlackElo "1620"]
[Annotator "NA"]
[PlyCount "47"]
[EventDate "2020.08.30"]
[EventType "swiss (blitz)"]

1. c3 {[%emt 0:00:01]} d5 {[%emt 0:00:01]} 2. d3 {[%emt 0:00:00]} e5 {[%emt 0:00:01]} 3. Nd2 {[%emt 0:00:00]} Bd6 {[%emt 0:00:01]} 4. h3 {[%emt 0:00:00]} Nf6 {[%emt 0:00:01]} 5. g4 {[%emt 0:00:00]} O-O {[%emt 0:00:01]} 6. Bg2 {[%emt 0:00:00]} g6 {[%emt 0:00:01]} 7. g5 {[%emt 0:00:00]} Nh5 {[%emt 0:00:04]} 8. h4 {[%emt 0:00:00]} Ng7 {[%emt 0:00:02]} 9. Nf1 {[%emt 0:00:01]} Nc6 {[%emt 0:00:02]} 10. Bxd5 {[%emt 0:00:01]} Be6 {[%emt 0:00:02]} 11. Bxc6 {[%emt 0:00:01]} bxc6 {[%emt 0:00:02]} 12. e4 {[%emt 0:00:00]} f5 {[%emt 0:00:03]} 13. gxf6 {[%emt 0:00:05]} Rxf6 {[%emt 0:00:06]} 14. Bg5 {[%emt 0:00:02]} Bc5 {[%emt 0:00:06]} 15. Bxf6 {[%emt 0:00:03]} Qxf6 {[%emt 0:00:02]} 16. Qe2 {[%emt 0:00:01]} Bg4 {[%emt 0:00:04]} 17. f3 {[%emt 0:00:01]} Nh5 {[%emt 0:00:06]} 18. fxg4 {[%emt 0:00:03]} Nf4 {[%emt 0:00:01]} 19. g5 {[%emt 0:00:09]} Nxe2 {[%emt 0:00:02]} 20. gxf6 {[%emt 0:00:01]} Nxg1 {[%emt 0:00:02]} 21. d4 {[%emt 0:00:01]} exd4 {[%emt 0:00:04]} 22. Rxg1 {[%emt 0:00:01]} dxc3 {[%emt 0:00:03]} 23. f7+ {[%emt 0:00:00]} Kxf7 {[%emt 0:00:03]} 24. Rg2 {[%emt 0:00:00] TimeB (Lag: Av=0.77s, max=1.4s)} 1-0

[Event "Stay Safe Play From Home 420"]
[Site "Emanuel Lasker Arena"]
[Date "2020.08.30"]
[Round "6"]
[White "Ao017545"]
[Black "M0ises"]
[Result "1-0"]
[WhiteElo "1661"]
[BlackElo "1206"]
[Annotator "NA"]
[PlyCount "49"]
[EventDate "2020.08.30"]
[EventType "swiss (blitz)"]

1. e4 {[%emt 0:00:01]} c5 {[%emt 0:00:00]} 2. Nf3 {[%emt 0:00:00]} d6 {[%emt 0:00:00]} 3. Nc3 {[%emt 0:00:00]} e6 {[%emt 0:00:02]} 4. Bb5+ {[%emt 0:00:00]} Nc6 {[%emt 0:00:01]} 5. Bxc6+ {[%emt 0:00:01]} bxc6 {[%emt 0:00:01]} 6. d4 {[%emt 0:00:00]} cxd4 {[%emt 0:00:01]} 7. Nxd4 {[%emt 0:00:00]} c5 {[%emt 0:00:01]} 8. Nc6 {[%emt 0:00:01]} Qd7 {[%emt 0:00:02]} 9. Na5 {[%emt 0:00:08]} Be7 {[%emt 0:00:04]} 10. Nc4 {[%emt 0:00:00]} d5 {[%emt 0:00:02]} 11. Ne5 {[%emt 0:00:02]} Qc7 {[%emt 0:00:08]} 12. Bf4 {[%emt 0:00:02]} Nf6 {[%emt 0:00:04]} 13. exd5 {[%emt 0:00:03]} exd5 {[%emt 0:00:06]} 14. Nxd5 {[%emt 0:00:04]} Nxd5 {[%emt 0:00:02]} 15. Qxd5 {[%emt 0:00:00]} Be6 {[%emt 0:00:02]} 16. Qxa8+ {[%emt 0:00:02]} Qd8 {[%emt 0:00:03]} 17. Qxd8+ {[%emt 0:00:01]} Bxd8 {[%emt 0:00:01]} 18. Nc6 {[%emt 0:00:01]} Kd7 {[%emt 0:00:07]} 19. Nxd8 {[%emt 0:00:02]} Re8 {[%emt 0:00:01]} 20. O-O-O+ {[%emt 0:00:00]} Ke7 {[%emt 0:00:06]} 21. Nxe6 {[%emt 0:00:00]} fxe6 {[%emt 0:00:01]} 22. Bd6+ {[%emt 0:00:00]} Kf7 {[%emt 0:00:03]} 23. Rhe1 {[%emt 0:00:00]} Kf6 {[%emt 0:00:01]} 24. Re3 {[%emt 0:00:01]} e5 {[%emt 0:00:01]} 25. Rf3+ {[%emt 0:00:00] Tiempo Tiempo Tiempo (Lag: Av=0.74s, max=1.1s) (Lag: Av=0.74s, max=1.1s) (Lag: Av=0.74s, max=1.1s)} 1-0

[Event "Stay Safe Play From Home 420"]
[Site "Emanuel Lasker Arena"]
[Date "2020.08.30"]
[Round "6"]
[White "Mamba2001de"]
[Black "NTBT_DHS"]
[Result "0-1"]
[WhiteElo "1481"]
[BlackElo "2585"]
[Annotator "NA"]
[PlyCount "56"]
[EventDate "2020.08.30"]
[EventType "swiss (blitz)"]

1. e4 {[%emt 0:00:01]} g6 {[%emt 0:00:00]} 2. Nf3 {[%emt 0:00:01]} Bg7 {[%emt 0:00:00]} 3. d4 {[%emt 0:00:00]} d6 {[%emt 0:00:00]} 4. Be3 {[%emt 0:00:00]} Nd7 {[%emt 0:00:01]} 5. Nc3 {[%emt 0:00:00]} Ngf6 {[%emt 0:00:00]} 6. Bd3 {[%emt 0:00:01]} e5 {[%emt 0:00:01]} 7. O-O {[%emt 0:00:01]} O-O {[%emt 0:00:01]} 8. d5 {[%emt 0:00:01]} c6 {[%emt 0:00:01]} 9. Qd2 {[%emt 0:00:01]} cxd5 {[%emt 0:00:01]} 10. exd5 {[%emt 0:00:01]} Re8 {[%emt 0:00:01]} 11. Bh6 {[%emt 0:00:01]} e4 {[%emt 0:00:00]} 12. Bxg7 {[%emt 0:00:01]} Kxg7 {[%emt 0:00:00]} 13. Bxe4 {[%emt 0:00:02]} Nxe4 {[%emt 0:00:00]} 14. Rfe1 {[%emt 0:00:01]} Nxd2 {[%emt 0:00:02]} 15. Rxe8 {[%emt 0:00:00]} Qxe8 {[%emt 0:00:00]} 16. Nxd2 {[%emt 0:00:02]} Nc5 {[%emt 0:00:01]} 17. Nf3 {[%emt 0:00:01]} Bg4 {[%emt 0:00:01]} 18. h3 {[%emt 0:00:01]} Bxf3 {[%emt 0:00:01]} 19. gxf3 {[%emt 0:00:01]} Qe5 {[%emt 0:00:01]} 20. Kg2 {[%emt 0:00:01]} Qg5+ {[%emt 0:00:01]} 21. Kh2 {[%emt 0:00:02]} Re8 {[%emt 0:00:00]} 22. Rg1 {[%emt 0:00:02]} Qf4+ {[%emt 0:00:01]} 23. Rg3 {[%emt 0:00:01]} Re1 {[%emt 0:00:01]} 24. Kg2 {[%emt 0:00:00]} Qc1 {[%emt 0:00:01]} 25. f4 {[%emt 0:00:07]} f5 {[%emt 0:00:02]} 26. Nb5 {[%emt 0:00:04]} Rg1+ {[%emt 0:00:03]} 27. Kf3 {[%emt 0:00:01]} Qd1+ {[%emt 0:00:00]} 28. Ke3 {[%emt 0:00:01]} Re1# {[%emt 0:00:00] (Lag: Av=0.62s, max=1.4s) (Lag: Av=0.62s, max=1.4s) (Lag: Av=0.62s, max=1.4s)} 0-1

[Event "Stay Safe Play From Home 420"]
[Site "Emanuel Lasker Arena"]
[Date "2020.08.30"]
[Round "6"]
[White "W Nelles"]
[Black "Hickey"]
[Result "1-0"]
[WhiteElo "1285"]
[BlackElo "2312"]
[PlyCount "51"]
[EventDate "2020.08.30"]
[EventType "swiss (blitz)"]

1. e4 {[%emt 0:00:05]} c6 {[%emt 0:00:01]} 2. Nf3 {[%emt 0:00:02]} d5 {[%emt 0:00:01]} 3. e5 {[%emt 0:00:02]} Bg4 {[%emt 0:00:01]} 4. Be2 {[%emt 0:00:02]} e6 {[%emt 0:00:01]} 5. h3 {[%emt 0:00:01]} Bxf3 {[%emt 0:00:03]} 6. Bxf3 {[%emt 0:00:03]} c5 {[%emt 0:00:00]} 7. c3 {[%emt 0:00:02]} Nc6 {[%emt 0:00:00]} 8. O-O {[%emt 0:00:04]} Nxe5 {[%emt 0:00:02]} 9. d3 {[%emt 0:00:04]} Nxf3+ {[%emt 0:00:01]} 10. Qxf3 {[%emt 0:00:02]} Nf6 {[%emt 0:00:00]} 11. Bg5 {[%emt 0:00:02]} Be7 {[%emt 0:00:00]} 12. Nd2 {[%emt 0:00:01]} O-O {[%emt 0:00:00]} 13. Bxf6 {[%emt 0:00:02]} Bxf6 {[%emt 0:00:01]} 14. Rae1 {[%emt 0:00:02]} b5 {[%emt 0:00:02]} 15. Qh5 {[%emt 0:00:02]} a5 {[%emt 0:00:01]} 16. Nf3 {[%emt 0:00:01]} b4 {[%emt 0:00:00]} 17. Ne5 {[%emt 0:00:02]} Qb6 {[%emt 0:00:05]} 18. Nd7 {[%emt 0:00:03]} Qd6 {[%emt 0:00:01]} 19. Nxf8 {[%emt 0:00:02]} Qxf8 {[%emt 0:00:01]} 20. d4 {[%emt 0:00:03]} cxd4 {[%emt 0:00:01]} 21. cxd4 {[%emt 0:00:03]} Bxd4 {[%emt 0:00:00]} 22. Kh1 {[%emt 0:00:04]} Bxb2 {[%emt 0:00:02]} 23. g4 {[%emt 0:00:01]} Bc3 {[%emt 0:00:00]} 24. g5 {[%emt 0:00:01]} Bxe1 {[%emt 0:00:02]} 25. g6 {[%emt 0:00:01]} a4 {[%emt 0:00:00]} 26. Qxh7# {[%emt 0:00:02] (Lag: Av=0.67s, max=0.8s) (Lag: Av=0.67s, max=0.8s) (Lag: Av=0.67s, max=0.8s)} 1-0

[Event "Stay Safe Play From Home 420"]
[Site "Emanuel Lasker Arena"]
[Date "2020.08.30"]
[Round "6"]
[White "KING o KONG"]
[Black "Padmaesh M K"]
[Result "0-1"]
[WhiteElo "972"]
[BlackElo "1773"]
[Annotator "NA"]
[PlyCount "58"]
[EventDate "2020.08.30"]
[EventType "swiss (blitz)"]

1. d3 {[%emt 0:00:01]} c6 {[%emt 0:00:01]} 2. e3 {[%emt 0:00:01]} d5 {[%emt 0:00:00]} 3. b3 {[%emt 0:00:03]} e5 {[%emt 0:00:00]} 4. Bb2 {[%emt 0:00:01]} Bd6 {[%emt 0:00:00]} 5. Be2 {[%emt 0:00:01]} Nf6 {[%emt 0:00:01]} 6. Nc3 {[%emt 0:00:02]} O-O {[%emt 0:00:00]} 7. Qd2 {[%emt 0:00:05]} Be6 {[%emt 0:00:00]} 8. Nf3 {[%emt 0:00:01]} Qc7 {[%emt 0:00:01]} 9. Ng5 {[%emt 0:00:01]} Qe7 {[%emt 0:00:04]} 10. Nxh7 {[%emt 0:00:01]} Nxh7 {[%emt 0:00:02]} 11. Bc1 {[%emt 0:00:02]} Qg5 {[%emt 0:00:01]} 12. g3 {[%emt 0:00:04]} d4 {[%emt 0:00:01]} 13. f4 {[%emt 0:00:02]} dxc3 {[%emt 0:00:01]} 14. Qxc3 {[%emt 0:00:02]} Qf6 {[%emt 0:00:01]} 15. Bd2 {[%emt 0:00:02]} exf4 {[%emt 0:00:01]} 16. exf4 {[%emt 0:00:07]} Qxc3 {[%emt 0:00:03]} 17. Bxc3 {[%emt 0:00:02]} Re8 {[%emt 0:00:00]} 18. Bxg7 {[%emt 0:00:02]} Kxg7 {[%emt 0:00:01]} 19. O-O-O {[%emt 0:00:01]} Bd5 {[%emt 0:00:02]} 20. Rhg1 {[%emt 0:00:02]} Rxe2 {[%emt 0:00:02]} 21. h3 {[%emt 0:00:05]} Nd7 {[%emt 0:00:01]} 22. Rdf1 {[%emt 0:00:01]} Rae8 {[%emt 0:00:00]} 23. f5 {[%emt 0:00:01]} f6 {[%emt 0:00:02]} 24. Kd1 {[%emt 0:00:01]} Bb4 {[%emt 0:00:02]} 25. g4 {[%emt 0:00:02]} Rd2+ {[%emt 0:00:01]} 26. Kc1 {[%emt 0:00:02]} Ree2 {[%emt 0:00:00]} 27. h4 {[%emt 0:00:03]} Rxc2+ {[%emt 0:00:01]} 28. Kb1 {[%emt 0:00:02]} Rb2+ {[%emt 0:00:01]} 29. Kc1 {[%emt 0:00:01]} Rxa2 {[%emt 0:00:01] TimeW TimeW TimeW} 0-1

[Event "Stay Safe Play From Home 420"]
[Site "Emanuel Lasker Arena"]
[Date "2020.08.30"]
[Round "7"]
[White "NTBT_DHS"]
[Black "W Nelles"]
[Result "1-0"]
[WhiteElo "2585"]
[BlackElo "1319"]
[PlyCount "43"]
[EventDate "2020.08.30"]
[EventType "swiss (blitz)"]

1. d4 {[%emt 0:00:01]} c6 {[%emt 0:00:02]} 2. c4 {[%emt 0:00:01]} Nf6 {[%emt 0:00:02]} 3. Nf3 {[%emt 0:00:00]} e6 {[%emt 0:00:02]} 4. Nc3 {[%emt 0:00:00]} Bb4 {[%emt 0:00:02]} 5. Qb3 {[%emt 0:00:01]} Bxc3+ {[%emt 0:00:01]} 6. Qxc3 {[%emt 0:00:00]} O-O {[%emt 0:00:03]} 7. Bg5 {[%emt 0:00:01]} h6 {[%emt 0:00:03]} 8. Bxf6 {[%emt 0:00:01]} Qxf6 {[%emt 0:00:02]} 9. e4 {[%emt 0:00:00]} d5 {[%emt 0:00:01]} 10. e5 {[%emt 0:00:01]} Qf5 {[%emt 0:00:02]} 11. Bd3 {[%emt 0:00:01]} Qf4 {[%emt 0:00:02]} 12. g3 {[%emt 0:00:04]} Qg4 {[%emt 0:00:04]} 13. h3 {[%emt 0:00:01]} Qxf3 {[%emt 0:00:02]} 14. Bh7+ {[%emt 0:00:01]} Kh8 {[%emt 0:00:03]} 15. Qxf3 {[%emt 0:00:00]} Kxh7 {[%emt 0:00:01]} 16. c5 {[%emt 0:00:02]} g6 {[%emt 0:00:01]} 17. h4 {[%emt 0:00:01]} b6 {[%emt 0:00:01]} 18. h5 {[%emt 0:00:01]} Ba6 {[%emt 0:00:02]} 19. hxg6+ {[%emt 0:00:02]} Kg7 {[%emt 0:00:02]} 20. Qf6+ {[%emt 0:00:01]} Kg8 {[%emt 0:00:03]} 21. Rxh6 {[%emt 0:00:00]} Nd7 {[%emt 0:00:02]} 22. Rh8# {[%emt 0:00:00] (Lag: Av=0.87s, max=1.4s) (Lag: Av=0.87s, max=1.4s) (Lag: Av=0.87s, max=1.4s)} 1-0

[Event "Stay Safe Play From Home 420"]
[Site "Emanuel Lasker Arena"]
[Date "2020.08.30"]
[Round "7"]
[White "Padmaesh M K"]
[Black "Didi1"]
[Result "1-0"]
[WhiteElo "1774"]
[BlackElo "1452"]
[Annotator "NA"]
[PlyCount "77"]
[EventDate "2020.08.30"]
[EventType "swiss (blitz)"]

1. Nf3 {[%emt 0:00:02]} e6 {[%emt 0:00:00]} 2. g3 {[%emt 0:00:00]} d5 {[%emt 0:00:01]} 3. Bg2 {[%emt 0:00:00]} c5 {[%emt 0:00:01]} 4. O-O {[%emt 0:00:00]} Nf6 {[%emt 0:00:01]} 5. d4 {[%emt 0:00:01]} Be7 {[%emt 0:00:00]} 6. dxc5 {[%emt 0:00:01]} Bxc5 {[%emt 0:00:01]} 7. c4 {[%emt 0:00:00]} Nc6 {[%emt 0:00:01]} 8. cxd5 {[%emt 0:00:01]} exd5 {[%emt 0:00:01]} 9. Bg5 {[%emt 0:00:00]} Be6 {[%emt 0:00:03]} 10. Nc3 {[%emt 0:00:02]} O-O {[%emt 0:00:01]} 11. Bxf6 {[%emt 0:00:02]} Qxf6 {[%emt 0:00:01]} 12. Nxd5 {[%emt 0:00:02]} Bxd5 {[%emt 0:00:01]} 13. Qxd5 {[%emt 0:00:00]} Bb6 {[%emt 0:00:02]} 14. Qb3 {[%emt 0:00:02]} Rad8 {[%emt 0:00:01]} 15. Rad1 {[%emt 0:00:02]} h6 {[%emt 0:00:02]} 16. Qc3 {[%emt 0:00:05]} Qe6 {[%emt 0:00:02]} 17. e3 {[%emt 0:00:05]} Rfe8 {[%emt 0:00:02]} 18. Nd4 {[%emt 0:00:04]} Nxd4 {[%emt 0:00:03]} 19. exd4 {[%emt 0:00:00]} Re7 {[%emt 0:00:01]} 20. d5 {[%emt 0:00:02]} Qd6 {[%emt 0:00:01]} 21. Rd3 {[%emt 0:00:03]} Rde8 {[%emt 0:00:01]} 22. Rfd1 {[%emt 0:00:01]} Re2 {[%emt 0:00:02]} 23. Rf3 {[%emt 0:00:03]} R8e7 {[%emt 0:00:17]} 24. Qc8+ {[%emt 0:00:02]} Re8 {[%emt 0:00:01]} 25. Qf5 {[%emt 0:00:01]} R8e5 {[%emt 0:00:02]} 26. Qxf7+ {[%emt 0:00:01]} Kh8 {[%emt 0:00:00]} 27. Qf8+ {[%emt 0:00:01]} Qxf8 {[%emt 0:00:02]} 28. Rxf8+ {[%emt 0:00:01]} Kh7 {[%emt 0:00:01]} 29. d6 {[%emt 0:00:01]} Re1+ {[%emt 0:00:01]} 30. Rxe1 {[%emt 0:00:01]} Rxe1+ {[%emt 0:00:00]} 31. Bf1 {[%emt 0:00:01]} Rd1 {[%emt 0:00:00]} 32. Rb8 {[%emt 0:00:03]} Rxd6 {[%emt 0:00:01]} 33. Rxb7 {[%emt 0:00:01]} Rf6 {[%emt 0:00:00]} 34. Rd7 {[%emt 0:00:01]} Rxf2 {[%emt 0:00:01]} 35. Rd1 {[%emt 0:00:04]} Rd2+ {[%emt 0:00:01]} 36. Kh1 {[%emt 0:00:00]} Rxd1 {[%emt 0:00:01]} 37. Kg2 {[%emt 0:00:00]} Rxf1 {[%emt 0:00:01]} 38. Kh3 {[%emt 0:00:00]} Kg6 {[%emt 0:00:00]} 39. Kg4 {[%emt 0:00:00] ' ' ' TimeB TimeB TimeB} 1-0

[Event "Stay Safe Play From Home 420"]
[Site "Emanuel Lasker Arena"]
[Date "2020.08.30"]
[Round "7"]
[White "Ao017545"]
[Black "Tran Minh Thang"]
[Result "0-1"]
[WhiteElo "1672"]
[BlackElo "2529"]
[Annotator "NA"]
[PlyCount "40"]
[EventDate "2020.08.30"]
[EventType "swiss (blitz)"]

1. e4 {[%emt 0:00:01]} c5 {[%emt 0:00:02]} 2. Nf3 {[%emt 0:00:01]} e6 {[%emt 0:00:01]} 3. Nc3 {[%emt 0:00:02]} a6 {[%emt 0:00:01]} 4. e5 {[%emt 0:00:00]} b6 {[%emt 0:00:01]} 5. Ne4 {[%emt 0:00:01]} Bb7 {[%emt 0:00:01]} 6. d3 {[%emt 0:00:01]} Nc6 {[%emt 0:00:02]} 7. Bg5 {[%emt 0:00:01]} f6 {[%emt 0:00:02]} 8. exf6 {[%emt 0:00:02]} Nxf6 {[%emt 0:00:00]} 9. Bxf6 {[%emt 0:00:02]} gxf6 {[%emt 0:00:00]} 10. Nh4 {[%emt 0:00:00]} Qe7 {[%emt 0:00:04]} 11. Qh5+ {[%emt 0:00:01]} Kd8 {[%emt 0:00:01]} 12. Ng6 {[%emt 0:00:03]} Qf7 {[%emt 0:00:01]} 13. Nf4 {[%emt 0:00:04]} Qxh5 {[%emt 0:00:00]} 14. Nxh5 {[%emt 0:00:01]} f5 {[%emt 0:00:00]} 15. Ng5 {[%emt 0:00:05]} Rg8 {[%emt 0:00:03]} 16. Nxh7 {[%emt 0:00:05]} Bh6 {[%emt 0:00:01]} 17. N7f6 {[%emt 0:00:01]} Rg6 {[%emt 0:00:03]} 18. g4 {[%emt 0:00:08]} Nd4 {[%emt 0:00:01]} 19. Kd1 {[%emt 0:00:14]} Bf3+ {[%emt 0:00:02]} 20. Ke1 {[%emt 0:00:03]} Nxc2# {[%emt 0:00:01] (Lag: Av=0.85s, max=1.1s) (Lag: Av=0.85s, max=1.1s) (Lag: Av=0.85s, max=1.1s)} 0-1

[Event "Stay Safe Play From Home 420"]
[Site "Emanuel Lasker Arena"]
[Date "2020.08.30"]
[Round "7"]
[White "M0ises"]
[Black "Mamba2001de"]
[Result "0-1"]
[WhiteElo "1203"]
[BlackElo "1480"]
[Annotator "NA"]
[PlyCount "44"]
[EventDate "2020.08.30"]
[EventType "swiss (blitz)"]

1. e4 {[%emt 0:00:01]} e6 {[%emt 0:00:01]} 2. Nf3 {[%emt 0:00:01]} d5 {[%emt 0:00:01]} 3. exd5 {[%emt 0:00:01]} exd5 {[%emt 0:00:01]} 4. d4 {[%emt 0:00:01]} Nf6 {[%emt 0:00:01]} 5. Bd3 {[%emt 0:00:02]} Be7 {[%emt 0:00:01]} 6. Bg5 {[%emt 0:00:01]} O-O {[%emt 0:00:01]} 7. Nbd2 {[%emt 0:00:02]} h6 {[%emt 0:00:01]} 8. Bxf6 {[%emt 0:00:02]} Bxf6 {[%emt 0:00:01]} 9. O-O {[%emt 0:00:01]} Bg4 {[%emt 0:00:01]} 10. h3 {[%emt 0:00:03]} Bh5 {[%emt 0:00:01]} 11. g4 {[%emt 0:00:02]} Bg6 {[%emt 0:00:01]} 12. Ne5 {[%emt 0:00:02]} Bxd3 {[%emt 0:00:02]} 13. cxd3 {[%emt 0:00:01]} Bxe5 {[%emt 0:00:01]} 14. dxe5 {[%emt 0:00:01]} Nc6 {[%emt 0:00:01]} 15. Nf3 {[%emt 0:00:01]} Re8 {[%emt 0:00:01]} 16. g5 {[%emt 0:00:02]} hxg5 {[%emt 0:00:02]} 17. h4 {[%emt 0:00:03]} Nxe5 {[%emt 0:00:02]} 18. Nxe5 {[%emt 0:00:02]} Rxe5 {[%emt 0:00:01]} 19. hxg5 {[%emt 0:00:05]} Rxg5+ {[%emt 0:00:01]} 20. Kh1 {[%emt 0:00:03]} Qf6 {[%emt 0:00:01]} 21. Rg1 {[%emt 0:00:02]} Qh6+ {[%emt 0:00:01]} 22. Qh5 {[%emt 0:00:03]} Qxh5# {[%emt 0:00:01] (Lag: Av=0.34s, max=0.9s) (Lag: Av=0.34s, max=0.9s) (Lag: Av=0.34s, max=0.9s)} 0-1

[Event "Stay Safe Play From Home 420"]
[Site "Emanuel Lasker Arena"]
[Date "2020.08.30"]
[Round "7"]
[White "KING o KONG"]
[Black "Tumnik_ad"]
[Result "0-1"]
[WhiteElo "971"]
[BlackElo "1940"]
[PlyCount "60"]
[EventDate "2020.08.30"]
[EventType "swiss (blitz)"]

1. d3 {[%emt 0:00:01]} c6 {[%emt 0:00:00]} 2. e3 {[%emt 0:00:01]} d6 {[%emt 0:00:00]} 3. b3 {[%emt 0:00:01]} Nd7 {[%emt 0:00:00]} 4. Bb2 {[%emt 0:00:01]} h6 {[%emt 0:00:00]} 5. Be2 {[%emt 0:00:02]} Ngf6 {[%emt 0:00:00]} 6. Qd2 {[%emt 0:00:01]} g5 {[%emt 0:00:00]} 7. Nf3 {[%emt 0:00:01]} Bg7 {[%emt 0:00:00]} 8. Nc3 {[%emt 0:00:03]} Nh5 {[%emt 0:00:00]} 9. O-O-O {[%emt 0:00:01]} a5 {[%emt 0:00:01]} 10. g4 {[%emt 0:00:01]} Nhf6 {[%emt 0:00:02]} 11. Nd4 {[%emt 0:00:02]} Nc5 {[%emt 0:00:05]} 12. Nf5 {[%emt 0:00:02]} Bxf5 {[%emt 0:00:01]} 13. Bf3 {[%emt 0:00:02]} Bxg4 {[%emt 0:00:03]} 14. Bxg4 {[%emt 0:00:02]} Nxg4 {[%emt 0:00:00]} 15. d4 {[%emt 0:00:02]} Na6 {[%emt 0:00:05]} 16. f3 {[%emt 0:00:01]} Nf6 {[%emt 0:00:03]} 17. f4 {[%emt 0:00:01]} gxf4 {[%emt 0:00:02]} 18. exf4 {[%emt 0:00:01]} Nd5 {[%emt 0:00:02]} 19. Rhg1 {[%emt 0:00:01]} Bf6 {[%emt 0:00:01]} 20. Rg2 {[%emt 0:00:02]} Qb6 {[%emt 0:00:03]} 21. Nxd5 {[%emt 0:00:01]} cxd5 {[%emt 0:00:00]} 22. Rdg1 {[%emt 0:00:02]} O-O-O {[%emt 0:00:02]} 23. f5 {[%emt 0:00:05]} Bg5 {[%emt 0:00:04]} 24. Qxg5 {[%emt 0:00:03]} hxg5 {[%emt 0:00:00]} 25. Rxg5 {[%emt 0:00:01]} Rxh2 {[%emt 0:00:01]} 26. Rg7 {[%emt 0:00:02]} Nb4 {[%emt 0:00:04]} 27. Rg8 {[%emt 0:00:01]} Rxc2+ {[%emt 0:00:02]} 28. Kb1 {[%emt 0:00:05]} Rxb2+ {[%emt 0:00:00]} 29. Kxb2 {[%emt 0:00:01]} Qxd4+ {[%emt 0:00:00]} 30. Ka3 {[%emt 0:00:02]} Nc2# {[%emt 0:00:03] Mate Mate Mate} 0-1